| 000 | 00585nam a22002057a 4500 | ||
|---|---|---|---|
| 003 | OSt | ||
| 005 | 20140310181952.0 | ||
| 008 | 130726t xxu||||| |||| 00| 0 eng d | ||
| 022 | _20553158945 | ||
| 050 |
_aPZ 7 _b.St849 1992 |
||
| 082 |
_aKF St4svn _b#3 |
||
| 100 |
_aStewart, Molly Mia _93765 |
||
| 245 |
_aSweet Valley Kids super snooper # 3 : _bthe cause of the haunted camp / _cMolly Mia Stewart. |
||
| 260 |
_aNew York : _bBantam Books, _cc1992. |
||
| 300 |
_a84 p. : _c19 cm. |
||
| 541 | _j1 | ||
| 562 | _e1 | ||
| 650 |
_aFiction _9746 |
||
| 942 |
_2lcc _cBK-KF _kKF |
||
| 999 |
_c7875 _d7875 |
||